Agnisakshi (Record no. 39993)
[ view plain ]
| 000 -LEADER | |
|---|---|
| fixed length control field | 01143nam a2200145Ia 4500 |
| 008 - FIXED-LENGTH DATA ELEMENTS--GENERAL INFORMATION | |
| fixed length control field | 210329s9999||||xx |||||||||||||| ||und|| |
| 040 ## - CATALOGING SOURCE | |
| Transcribing agency | STCPL |
| 082 ## - DEWEY DECIMAL CLASSIFICATION NUMBER | |
| Classification number | 894.812 3 |
| Item number | LAL-A |
| 245 #0 - TITLE STATEMENT | |
| Title | Agnisakshi |
| Title in other language | അഗ്നിസാക്ഷി |
| 260 ## - PUBLICATION, DISTRIBUTION, ETC. | |
| Place of publication, distribution, etc. | Thrissur |
| Name of publisher, distributor, etc. | Current Books |
| Date of publication, distribution, etc. | 1976 |
| 300 ## - PHYSICAL DESCRIPTION | |
| Extent | 112 |
| 650 ## - SUBJECT ADDED ENTRY--TOPICAL TERM | |
| Topical term or geographic name entry element | Generalഒരു വിപ്ലവത്തിന്റെ കഥാന്തരം, നഷ്ടപ്പെടാവുന്ന അവസരങ്ങള്, മനസ്സിനകത്തെ നൂറ്റാണ്ടുകള്, കേന്ദ്രീകരണത്തിന്റെ തുടക്കങ്ങള്, ഒരു പാനീയത്തിന്റെ രാഷ്ട്രീയം, മോഷേദയാന്റെ രഹസ്യസന്ദര്ശനം, ചരിത്രം കൊണ്ട്കളിക്കുന്നവര്, രണ്ടു സന്ദര്ഭങ്ങള്, വിപ്ലവകാരികള്ക്കൊരു ചുമതല, നിഴല്യുദ്ധം വീണ്ടും |
| 942 ## - ADDED ENTRY ELEMENTS (KOHA) | |
| Koha item type | Books |
| 041 ## - LANGUAGE CODE | |
| Language code of original | Malayalam |
| Withdrawn status | Lost status | Damaged status | Not for loan | Home library | Current library | Shelving location | Date acquired | Cost, normal purchase price | Total Checkouts | Full call number | Barcode | Date last seen | Price effective from | Koha item type |
|---|---|---|---|---|---|---|---|---|---|---|---|---|---|---|
| ST. THOMAS COLLEGE LIBRARY, PALAI | ST. THOMAS COLLEGE LIBRARY, PALAI | 2021-07-10 | 25.00 | 894.812 3 EFN-A | 55558 | 2021-07-10 | 2021-07-10 | Books |
